000 00265nam a2200097Ia 4500
008 220204s9999 xx 000 0 und d
082 _a339.564(058)(540)
_bFIE
245 0 _aIndian exports directory 1996
260 _aNew Delhi
_bVeedhi's Publishing
_c1996
942 _cBK
999 _c41021
_d41021